Pôsobnosť obce. 2
Problematika vymedzenia pôsobnosti obce ako jedného z najdôležitejších činiteľov determinujúcich jej postavenie v spoločnosti. Hľadanie inšpirácií pre riešenie tohto problému v histórii práva.
Salvato in:
| Autore principale: | |
|---|---|
| Natura: | Capitolo di libro |
| Lingua: | slovacco |
| Soggetti: | |
| Tags: |
Nessun Tag, puoi essere il primo ad aggiungerne!!
|
MARC
| LEADER | 00000naa a2200000 4500 | ||
|---|---|---|---|
| 001 | r021593 | ||
| 005 | 20230825075436.0 | ||
| 041 | 0 | |a slo | |
| 044 | |a SK | ||
| 245 | 1 | 0 | |a Pôsobnosť obce. 2 |c P. Kukliš |
| 520 | |a Problematika vymedzenia pôsobnosti obce ako jedného z najdôležitejších činiteľov determinujúcich jej postavenie v spoločnosti. Hľadanie inšpirácií pre riešenie tohto problému v histórii práva. | ||
| 610 | 2 | 0 | |a obce |
| 610 | 2 | 0 | |a kompetencie |
| 610 | 2 | 0 | |a právomoc |
| 610 | 2 | 0 | |a história |
| 610 | 2 | 0 | |a právo správne |
| 610 | 2 | 0 | |a správa verejná |
| 610 | 2 | 0 | |a reformy štruktúrne |
| 100 | 1 | |a Kukliš, Peter | |